La cuestión de límites con Chile (Record no. 162793)

MARC details
000 -LEADER
campo de control de longitud fija 00999nam a2200217 i 4500
001 - NÚMERO DE CONTROL
campo de control 162793
003 - IDENTIFICADOR DE NÚMERO DE CONTROL
campo de control ES-MaACL
005 - FECHA Y HORA DE LA ÚLTIMA TRANSACCIÓN
campo de control 20250907063124.0
008 - DATOS DE LONGITUD FIJA--INFORMACIÓN GENERAL
campo de control de longitud fija 990929s1881 ag |||| | spa d
100 1# - ENTRADA PRINCIPAL--NOMBRE DE PERSONA
Nombre de persona Quesada, Vicente G.,
Fechas asociadas al nombre 1830-1913
9 (RLIN) 94565
245 13 - MENCIÓN DEL TÍTULO
Título La cuestión de límites con Chile
Resto del título : considerada bajo el punto de vista de la historia diplomática, del derecho de gentes y de la política internacional /
Mención de responsabilidad, etc. por Vicente G. Quesada.
260 ## - PUBLICACIÓN, DISTRIBUCIÓN, ETC.
Lugar de publicación, distribución, etc. Buenos Aires :
Nombre del editor, distribuidor, etc. Imp. y Librería de Mayo,
Fecha de publicación, distribución, etc. 1881.
300 ## - DESCRIPCIÓN FÍSICA
Extensión 146 p. ;
Dimensiones 25 cm.
530 ## - NOTA DISPONIBLE DE FORMULARIO FÍSICO ADICIONAL
Nota de formato físico adicional disponible Disponible en formato digital.
595 ## -
-- Separata de: Nueva revista de Buenos Aires.
651 #4 - PUNTO DE ACCESO ADICIONAL DE MATERIA--NOMBRE GEOGRÁFICO
Nombre geográfico Argentina-
Subdivisión general Fronteras-
Subdivisión geográfica Chile.
9 (RLIN) 158791
651 #4 - PUNTO DE ACCESO ADICIONAL DE MATERIA--NOMBRE GEOGRÁFICO
Nombre geográfico Chile-
Subdivisión general Fronteras-
Subdivisión geográfica Argentina.
9 (RLIN) 158792
852 ## - LOCALIZACIÓN
Ubicación ES-MaACL
Número de control de estantería T-818-F-3
Nota libre - Enc. hol., conservando enc. original
-- - Enc. en un vol. facticio
856 ## - LOCALIZACIÓN Y ACCESO ELECTRÓNICOS
Identificador Uniforme de Recursos <a href="http://bdh-rd.bne.es/viewer.vm?id=0000128532&page=1 ">http://bdh-rd.bne.es/viewer.vm?id=0000128532&page=1 </a>
Nota pública Biblioteca Digital Hispánica
Holdings
Estatus retirado Estado de pérdida Estado de daño No para préstamo Colección Biblioteca de origen Biblioteca actual Ubicación en estantería Fecha de adquisición Total de préstamos Signatura topográfica completa Código de barras Visto por última vez Precio de reemplazo Tipo de ítem Koha
        Colección de folletos Biblioteca del Ateneo de Madrid Biblioteca del Ateneo de Madrid Depósito folletos 17/01/2008   T-818-F-3 1170563 23/02/2023 23/02/2023 Folleto